| 000 | 00961nas a2200313 4500 | ||
|---|---|---|---|
| 001 | BR0803903 | ||
| 003 | BR-BrBNA | ||
| 005 | 20231205112344.0 | ||
| 007 | ta | ||
| 008 | 230509b bl.|||p| |||| 00| 00por d | ||
| 040 |
_aBR-BrBNA _bpor _cBiblioteca Nacional de Agricultura |
||
| 041 | _a(En) | ||
| 072 | _aF30; H10 | ||
| 100 | 1 | _aSilva, M.F. da | |
| 100 | 1 | _aSchuster, I. | |
| 100 | 1 | _aSilva, J.F.V. da | |
| 100 | 1 | _aFerreira, A. | |
| 100 | 1 | _aBarros, E.G. de | |
| 100 | 1 | _aMoreira, M.A. | |
| 245 | 1 | _aValidation of microsatellite markers for assited selection of soybean resistance to cyst nematode races 3 and 14 | |
| 650 | _aSOJA | ||
| 650 | _aNEMATOIDE | ||
| 650 | _aMARCADOR MOLECULAR | ||
| 650 | _aSELEÇÃO | ||
| 650 | _aVARIEDADE RESISTENTE | ||
| 773 | 0 |
_tPesquisa Agropecuária Brasileira (Brazil) _xISSN 0100-204X _g(Aug 2007), v. 42(8) p. 1143-1150 _wBR0803903 |
|
| 909 |
_a202311 _bLúcia _c55 _dLúcia Elande |
||
| 942 |
_2AGRIS _n0 _cANA |
||
| 999 |
_c197601 _d197601 |
||